000 00450nam a22001697a 4500
003 NUST - PNEC
005 20170116181034.0
008 150919b xxu||||| |||| 00| 0 eng d
020 _a0853341990
040 _cLIBRARY
082 _a621.82 DIM
100 _911249
_aDimarogonas, Andrew D.
245 _aAnalytical methods in rotor dynamics
_cAndrew D. Dimarogonas
260 _cc.1983
650 _911250
_aRotors--Dynamics
_xME
942 _2ddc
_cBK
999 _c67839
_d67839